|
|
|
|
| LEADER |
00000nam2a2200000 4500 |
| 001 |
48578 |
| 005 |
20231101211145.0 |
| 035 |
|
|
|a (RuTPU)RU\TPU\book\50879
|
| 090 |
|
|
|a 48578
|
| 100 |
|
|
|a 20030319d1961 km y0rusy50 ca
|
| 101 |
0 |
|
|a rus
|
| 102 |
|
|
|a RU
|
| 105 |
|
|
|a a g 001zy
|
| 200 |
0 |
|
|a Т. 1 : Электроснабжение
|f сост. И. Я. Авиновицкий, С. В. Алексеев, Б. М. Баранов
|
| 210 |
|
|
|d 1961
|
| 215 |
|
|
|a 840 с.
|c ил.
|
| 320 |
|
|
|a Библиогр. в конце разделов
|
| 461 |
|
1 |
|0 (RuTPU)RU\TPU\book\50872
|t Справочник энергетика промышленных предприятий
|o В 4-х т.
|f под ред. А. А. Федорова
|v Т. 1 : Электроснабжение
|e 2-е изд.
|d 1961-
|
| 606 |
1 |
|
|a Промышленные предприятия
|x Энергетическое оборудование
|2 stltpush
|3 (RuTPU)RU\TPU\subj\52740
|9 71143
|
| 610 |
1 |
|
|a электроснабжение
|
| 610 |
1 |
|
|a энергетическое хозяйство
|
| 610 |
1 |
|
|a справочники
|
| 610 |
1 |
|
|a энергетика
|
| 675 |
|
|
|a 620.9:658(035)
|v 3
|
| 702 |
|
1 |
|a Авиновицкий
|b И. Я.
|g Инар Яковлевич
|4 220
|
| 702 |
|
1 |
|a Алексеев
|b С. В.
|4 220
|
| 702 |
|
1 |
|a Баранов
|b Б. М.
|4 220
|
| 801 |
|
1 |
|a RU
|b 63413507
|c 20030319
|g PSBO
|
| 801 |
|
2 |
|a RU
|b 63413507
|c 20191210
|g PSBO
|
| 942 |
|
|
|c BK
|